| 000 | 01906nam a2200217Ia 4500 | ||
|---|---|---|---|
| 003 | Ost | ||
| 005 | 20260507075728.0 | ||
| 008 | 260507s9999||||xx |||||||||||||| ||und|| | ||
| 020 | _a5825312977 | ||
| 040 | _cfsecg | ||
| 041 | _aara | ||
| 082 | _a345 | ||
| 100 |
_aالالفى، محمد عبد الحميد _eمؤلف |
||
| 245 | 0 |
_aايصالات الامانة ودورها في الحماية الجنائية لحقوق الدائنين وفقا لاحداث أحكام محكمة النقض والصيغ القانونية / _c محمد عبد الحميد الالفى |
|
| 260 |
_aالقاهرة: _bدار محمود للنشر والتوزيع, _c[د.ت.] |
||
| 300 |
_a245 صفحة؛ _c24 سم |
||
| 520 | _aعقوج الامانة والركن المادي للجريمة ، القواعد القانونية التي قررتها محكمة النقض بشأن ماهية العقود الامانة والركن المادي ، أسباب إباحة الجريمة ، القواعد القانونية التي قررتها محكمة النقض بشأن أسباب اباحة الجريمة ، الركن المعنوي للجريمة ، القواعد القانونية التي قررتها محكمة النقض بشأن الركن المعنوي للجريمة ‘عقوبة الجريمة ، القواعد القانونية التي قررتها محكمة النقض بشأن عقوبة الجريمة ، الاختصاص المكاني بنظر الدعوة ، تحريك ورفع الدعوى الجنائية ، انقضاء الدوة الجنائية عن الجريمة ، الدفوع الجوهرية والطلبات المنتجة في الدعوة ، اثبات الجريمة ، تسيب الحكم الصادر عوبيانه للواقعة ومادة العقاب . | ||
| 653 | _aالقانون | ||
| 653 | _aالقانون الجنائي | ||
| 942 | _cكتاب | ||
| 999 |
_c46009 _d46009 |
||